La voluntad de pensar: Doce filósofos costarricenses por si mismos / Carlos Molina Jiménez, ed.
में बचाया:
| स्वरूप: | पुस्तक |
|---|---|
| भाषा: | Undetermined |
| प्रकाशित: |
Heredia, Costa Rica
Editorial Fundación UNA
1993
|
| विषय: | |
| टैग: |
टैग जोड़ें
कोई टैग नहीं, इस रिकॉर्ड को टैग करने वाले पहले व्यक्ति बनें!
|
MARC
| LEADER | 00000nam a2200000Ia 4500 | ||
|---|---|---|---|
| 008 | 170316s9999 xx 000 0 und d | ||
| 090 | |a 100 V-24.1v | ||
| 245 | |a La voluntad de pensar: Doce filósofos costarricenses por si mismos / Carlos Molina Jiménez, ed. | ||
| 260 | |a Heredia, Costa Rica | ||
| 260 | |b Editorial Fundación UNA | ||
| 260 | |c 1993 | ||
| 300 | |a 318 páginas | ||
| 650 | |a FILOSOFÍA | ||
| 650 | |a FILÓSOFOS COSTARRICENSES | ||
| 650 | |a FRANCISCO ALVAREZ GONZALEZ | ||
| 650 | |a LUIS CAMACHO NARANJO | ||
| 650 | |a MANUEL FORMOSO HERRERA | ||
| 650 | |a HELIO GALLARDO MARTINEZ | ||
| 650 | |a JAIME GONZALEZ DOBLES | ||
| 650 | |a CLAUDIO GUTIERREZ CARRANZA | ||
| 650 | |a RAFAEL ANGEL HERRA RODRIGUEZ | ||
| 650 | |a FERNANDO LEAL ARIAS | ||
| 650 | |a JOSE GUILLERMO MALAVASSIS VARGAS | ||
| 650 | |a ARNOLDO MORA RODRIGUEZ | ||
| 650 | |a ROBERTO MURILLO ZAMORA | ||
| 650 | |a FRANCISCO ANTONIO PACHECO FERNANDEZ | ||
| 999 | |c 17863 |d 17863 | ||
| 040 | |a cru BVZT | ||
| 942 | |c 15 D |h 100 V-24.1v |2 z | ||
